000 00478nam a22001697a 4500
003 LK-CoMWRAF
005 20231118234754.0
008 231118b |||||||| |||| 00| 0 eng d
040 _aLK-CoMWRAF
_dLK-CoMWRAF
_eLK-CoMWRAF
041 _aeng
082 _a820
_bGCE
245 _aG C E (OL) English Literature : Answers for past questions
260 _bAn International society of Education
_c2000
650 _aEnglish Literature
700 _aHewage A. K.
_eed.
942 _cBK
999 _c4146
_d4146